000 00518nam a22001937a 4500
999 _c8052
_d8052
003 OSt
005 20230117122144.0
008 230117b ||||| |||| 00| 0 eng d
020 _a0141011114
040 _cDDC
082 _a677.0 GRE 2004
100 _aGreene, Brian
_916386
245 _aThe fabric of the cosmos.
260 _aNew York :
_bVintage Books,
_c2004
300 _axii, 569 p. :
_b ill. ;
_c21 cm
504 _aIncludes bibliographical references.
650 _aCosmology.
_93606
942 _2ddc
_cBOOK